České obce, které začínají na písmeno Ř - Statistics

General Stats
  • This quiz has been taken 52 times
  • The average score is 11 of 40
Answer Stats
Počet obyvatel Okres Odpověď % Correct
17 143 Praha-východ Říčany
88%
2 143 Brno-venkov Říčany
88%
1 025 České Budějovice Římov
64%
421 Třebíč Římov
64%
1 401 Praha-západ Řitka
58%
3 777 Praha-západ Řevnice
48%
1 414 Pardubice Řečany nad Labem
45%
426 Brno-venkov Říčky
42%
553 Frýdek-Místek Řeka
39%
248 Náchod Říkov
39%
462 Žďár nad Sázavou Řečice
36%
160 Pelhřimov Řečice
36%
790 Mladá Boleslav Řepov
33%
457 Přerov Říkovice
33%
442 Strakonice Řepice
27%
118 Rychnov nad Kněžnou Říčky v Orlických Horách
27%
268 Jihlava Řásná
24%
695 Ústí nad Orlicí Řetová
24%
719 Mělník Řepín
21%
1 915 Frýdek-Místek Řepiště
21%
60 Brno-venkov Řikonín
21%
428 Kladno Řisuty
21%
58 Svitavy Řídký
18%
1 487 Rakovník Řevničov
15%
828 Brno-venkov Řícmanice
15%
231 Benešov Řimovice
15%
1 446 Ústí nad Labem Řehlovice
12%
931 Plzeň-jih Řenče
12%
184 Olomouc Řídeč
12%
339 Tábor Řípec
12%
86 Mladá Boleslav Řitonice
12%
286 Tábor Řepeč
9%
392 Ústí nad Orlicí Řepníky
9%
473 Chrudim Řestoky
9%
282 Ústí nad Orlicí Řetůvka
9%
544 Benešov Řehenice
6%
251 Kutná Hora Řendějov
6%
103 Rakovník Řeřichy
6%
87 JIhlava Řídelov
6%
99 Tábor Řemíčov
3%
No matching quizzes found
Score Distribution
Percent of People with Each Score
Percentile by Number Answered
Your Score History
You have not taken this quiz